| 000 | 00415cam a22001457a 4500 | ||
|---|---|---|---|
| 008 | 180718b1963 xxu||||| |||| 00| 0 eng d | ||
| 082 | _aXAx415 M472 | ||
| 100 | _aMeghen, P.J. | ||
| 245 |
_aHousing in Ireland _cby P.J. Meghen |
||
| 260 |
_aDublin _bInstitute of Public Administration _c1963 |
||
| 300 | _a78p. | ||
| 440 | _aGuides to the public services 1. | ||
| 500 | _a6/- | ||
| 650 | _aHousing - Irish Free State | ||
| 999 |
_c373745 _d373745 |
||